|
|
|
|
| LEADER |
00756nam a2200181 i 4500 |
| 001 |
misc75859 |
| 005 |
20250115153112.0 |
| 008 |
250115s1934 hu o 000 hun d |
| 040 |
|
|
|a SZTE Miscellanea Repozitórium
|b hun
|
| 041 |
|
|
|a hun
|
| 245 |
0 |
0 |
|a Szeged szab. kir. város főforgalmi utvonalhálózata
|h [elektronikus dokumentum]
|
| 260 |
|
|
|a Mérnöki Hivatal ; Prometheus
|b Szeged
|c 1934
|
| 300 |
|
|
|a 32
|c 30 cm
|
| 650 |
|
4 |
|a Bölcsészettudományok
|
| 650 |
|
4 |
|a Történettudomány és régészet
|
| 695 |
|
|
|a Közlekedés - közúti - Szeged - 1930-as évek, Városfejlesztés - Szeged - 1930-as évek, Szeged - közlekedés története - forrás
|
| 700 |
0 |
1 |
|a Mihályffy László
|
| 856 |
4 |
0 |
|u http://misc.bibl.u-szeged.hu/75859/1/XC_76752.pdf
|z Dokumentum-elérés
|